Modern hindu thought : (Record no. 155743)
[ view plain ]
| 000 -LEADER | |
|---|---|
| fixed length control field | 00646nam a22002177a 4500 |
| 003 - CONTROL NUMBER IDENTIFIER | |
| control field | dpl |
| 005 - DATE AND TIME OF LATEST TRANSACTION | |
| control field | 20180810124531.0 |
| 008 - FIXED-LENGTH DATA ELEMENTS--GENERAL INFORMATION | |
| fixed length control field | 180810b xxu||||| |||| 00| 0 eng d |
| 010 ## - LIBRARY OF CONGRESS CONTROL NUMBER | |
| LC control number | B-228135 |
| 016 ## - NATIONAL BIBLIOGRAPHIC AGENCY CONTROL NUMBER | |
| Record control number | B-228135 |
| 035 ## - SYSTEM CONTROL NUMBER | |
| System control number | B-228135 |
| 037 14 - SOURCE OF ACQUISITION | |
| Source of stock number/acquisition | BPPD/PUB |
| 040 ## - CATALOGING SOURCE | |
| Transcribing agency | 0 |
| 082 1# - DEWEY DECIMAL CLASSIFICATION NUMBER | |
| Classification number | 230.4 |
| 100 1# - MAIN ENTRY--PERSONAL NAME | |
| Personal name | Sharma, Arvind |
| 245 ## - TITLE STATEMENT | |
| Title | Modern hindu thought : |
| Statement of responsibility, etc | by Arvind sharma |
| Remainder of title | An introduction / |
| 260 ## - PUBLICATION, DISTRIBUTION, ETC. (IMPRINT) | |
| Place of publication, distribution, etc | New delhi |
| Name of publisher, distributor, etc | Oxford university press |
| Date of publication, distribution, etc | 2006 |
| 270 ## - ADDRESS | |
| Address | YMCA Library building jai singh road |
| City | Mumbai |
| Postal code | 110001 |
| 300 ## - PHYSICAL DESCRIPTION | |
| Extent | ix, 208p. |
| Dimensions | 21cm (Hb) |
| 942 ## - ADDED ENTRY ELEMENTS (KOHA) | |
| Institution code [OBSOLETE] | dpl |
| Koha item type | English Books |
| Call number prefix | 657.48 / APP |
| Source of classification or shelving scheme | Dewey Decimal Classification |
| Classification part | 230.4 |
| Call number suffix | SHA |
| Withdrawn status | Lost status | Source of classification or shelving scheme | Damaged status | Not for loan | Collection code | Home library | Current library | Date acquired | Source of acquisition | Cost, normal purchase price | Total Checkouts | Full call number | Barcode | Date last seen | Date checked out | Cost, replacement price | Price effective from | Koha item type |
|---|---|---|---|---|---|---|---|---|---|---|---|---|---|---|---|---|---|---|
| Dewey Decimal Classification | Non-fiction | Shahdara Branch | Shahdara Branch | 10/08/2018 | BPPD/PUB | 495.00 | 2 | 230.4 SHA | B-228135 | 06/02/2023 | 27/01/2023 | 495.00 | 10/08/2018 | English Books |
